Psikologi cinta

Bibliographic Details
Main Author: Mohd Fadzilah Kamsah
Corporate Author: Title
Other Authors: Syaidatun Nazirah Abu Zahrin
Format: Book
Published: Pahang : PTS Millennia , 2005
Subjects:

MARC

LEADER 00000cam a2200000 7i4500
001 0000012591
005 20071226.0
008 071226
020 |a 983337283X 
090 0 0 |a 297.5677   |b MOH 
100 0 |a Mohd Fadzilah Kamsah 
245 0 0 |a Psikologi cinta   |c Mohd Fadzilah Kamsah, Syaidatun Nazirah Abu Zahrin 
260 |a Pahang :   |b PTS Millennia ,   |c 2005 
650 0 |a Islamic stories, Malay 
650 0 |a Love   |x Religious aspects   |x Islam 
650 0 |a Man-women relationships   |x Religious aspects   |x Islam 
700 0 |a Syaidatun Nazirah Abu Zahrin 
710 0 |a Title 
999 |a 0001009362   |b Book   |c Adult Collection   |e Perbadanan Perpustakaan Awam Johor 
999 |a 0001009363   |b Book   |c Adult Collection   |e Perbadanan Perpustakaan Awam Johor 
999 |a 0001009364   |b Book   |c Adult Collection   |e Perbadanan Perpustakaan Awam Johor 
999 |a 0001009365   |b Book   |c Adult Collection   |e Perbadanan Perpustakaan Awam Johor